[Event "2026 Perth Chess League"]
[Site "Perth AUS"]
[Date "2026.05.05"]
[Round "2.15"]
[White "Rithauddin,Florentyna"]
[Black "Kereopa,Seth"]
[Result "1/2-1/2"]
[BlackElo "1242"]
[BlackFideId "3295451"]
[BlackTeam "Kingsley"]
[EventDate "2026.04.20"]
[PlyCount "0"]
[WhiteElo "1532"]
[WhiteFideId "35816694"]
[WhiteTeam "WAJTS"]

1. c4 Nf6 2. d4 g6 3. Nc3 Bg7 4. e4 d6 5. Nf3 O-O 6. Be2 e5 7. d5 Nbd7 8. O-O a5
9. h3 Nc5 10. Qc2 Bd7 11. Be3 b6 12. a3 c6 $2 13. b4 axb4 14. axb4 Na6 15. Qb2
{ missed opportunity}  ( 15. Rxa6 Rxa6 16. dxc6 Bxc6 17. b5 )15... c5 16. bxc5
bxc5 17. Ra3 Rb8 18. Qd2 Nb4 19. Rb1 Qc8 20. Kh2 Nh5 21. Ne1 Nf6 22. Nd3 h5 23.
f4 Bh6 $4 { White is winning}  24. fxe5 Bxe3 25. Qxe3 dxe5 26. Qxc5 Nxd3 27.
Qxc8 Rfxc8 28. Bxd3 Rxb1 29. Nxb1 g5 30. Ra6 Kg7 31. Nc3 g4 32. h4 Ng8 33. Ra7
Nf6 34. Ra6 Ng8 35. Ra7 ( 35. Ra5 { threatening c5-c6 etc.} )35... Nf6 36. Ra6
{ White is offering the draw by repetition in a won position}  36... Ng8 
1/2-1/2